A motor motoristický inzertný mesačník

Bibliographic Details
Other Authors: Jurašková, Agáta (Publishing director)
Format: Journal
Language:Slovak
PhysicalDescription:3 zv. 30-33 cm
Published: Bratislava Avízo 2008-2010
ISSN:1337-852X
Subjects:

MARC

LEADER 00000cas a2200000 a 4500
001 vtls009521681
003 SK-MaSNL
005 20260228160314.0
008 090604d20082010xo mr p 0 b0slo
022 |a 1337-852X 
035 |a (SVKBB)vtls000311648 
040 |a SVKBB  |b slo  |c SVKBB  |d SNK  |e AACR2 
041 0 |a slo 
044 |a xo  |c SK 
072 7 |a 629  |x Dopravné prostriedky  |2 konspekt 
080 |a 629.331  |2 2011 
080 |a 050  |2 2011 
080 |a 655.535.6(051)  |2 2011 
210 0 |a A mot. 
222 0 |a A motor 
245 0 0 |a A motor  |b motoristický inzertný mesačník 
246 1 3 |a A-Motor 
246 1 3 |a Amotor 
260 |a Bratislava  |b Avízo  |c 2008-2010 
300 |a 3 zv.  |c 30-33 cm 
310 |a 1x mesačne 
362 0 |a Roč. 1 (2008)-roč. 3, č. 7 (2010)  |z BA001/2015 
500 |a Popis podľa roč. 2, č. 4/2009 
500 |a Šéfredaktor: ?-7/2010, Agáta Jurašková 
500 |a Podnázov v tiráži: inzertný motoristický mesačník 
500 |a Od č. 1/2010 veľkosť zv. 30 cm 
650 0 7 |a motorizmus  |2 SNKPH  |9 3265 
650 |a automobily  |2 SNKPH  |9 18879 
655 7 |a inzertné časopisy  |2 SNKPH  |9 70809 
700 |a Jurašková, Agáta  |4 pbd  |9 266372 
910 |a snk 
999 |c 2106  |d 4036 
952 |0 0  |1 0  |4 0  |7 0  |8 0  |a SNK  |b SNK  |d 2019-11-05  |i snk2019/28313  |l 0  |o snkČSB 7341/3/2010  |p 17A1384177  |r 2026-02-21 22:07:49  |t č. 1-7, neúplné  |w 2026-02-21  |y PREZ  |z Chýba č. 6 
952 |0 0  |1 0  |4 0  |7 0  |8 0  |a SNK  |b SNK  |d 2019-11-05  |i snk2019/28264  |l 0  |o snkČSB 7341/2/2009  |p 17A1384176  |r 2026-02-21 22:07:51  |t č. 1-12, neúplné  |w 2026-02-21  |y PREZ  |z Chýba č. 1-3, 12